000 00298nam a2200121 a 4500
005 20141022142004.0
008 100826s19uu xx 00 eng d
050 _aVCD
_bN88 2004
245 _aNutrition and elimination.
650 _aVCD NUR
650 _aNutrition and elimination
942 _cAVM
999 _c276419
_d276419